000 01175cam a2200193 4500
001 ABS63623
008 000000n2001 000 0 eng u
035 _a(Sirsi) u111489
245 _aWhen the hammer falls
260 _c2001
490 _aEstate Agency News
_v(165) March 2001, 10(1)
520 _aConsiders effects the Homes Bill could have on properties up for sale at auction, if it becomes law in January 2003. For instance, notes that auction houses will be required to supply a Seller's Pack to potential buyers who request one, and that this will involve considerable cost. Notes that auctioneers already provide most of the information that will have to be provided in the packs. One contentious exception is that they will be required to include a report giving details about the condition of the property. Overall, summises that although the Bill will change the procedure for auctioning residential property in England and Wales, it will not change the basic requirements.
590 _aABS
650 _aHOMES BILL 2001
650 _aRESIDENTIAL PROPERTY
_96266
650 _aHOME INFORMATION PACKS
690 _aAuctioneering
_96218
942 _n0
999 _c66434
_d66434